| 000 | 00831nam a22002297a 4500 | ||
|---|---|---|---|
| 999 |
_c6411 _d6411 |
||
| 003 | AR-CdUCM | ||
| 008 | 190315b ||||| |||| 00| 0 spa d | ||
| 040 |
_aMUNICIPALIDAD PROVINCIAL DEL CUSCO _cBIBLIOTECA MUNICIPAL DEL CUSCO |
||
| 082 |
_a498.515 / _bQ5 |
||
| 100 |
_aQuesada C, Felix _918223 |
||
| 245 |
_aGramática Quechua : _bCajamarca - cañaris / |
||
| 260 |
_aLima : _bIEP, _c1976. |
||
| 300 |
_a181 páginas ; _c20 cm. |
||
| 440 |
_aMinisterio de educación _915645 |
||
| 505 | _aContenido : Introducción -- Fonología -- Introducción a la gramática quechua -- La oración básica simple ... | ||
| 650 |
_aLengua nativa peruana _918224 |
||
| 650 |
_aGramática quechua _918225 |
||
| 650 |
_aQuechua Cajamarca - Cañaris _918226 |
||
| 710 |
_aMinisterio de educación _913162 |
||
| 942 |
_2ddc _cLIBROS |
||
| 945 | _arah | ||